| 000 | 00697nam a2200217 a 4500 | ||
|---|---|---|---|
| 005 | 20140310183435.0 | ||
| 008 | 080130s19uu xx 00 eng d | ||
| 020 | _a184376895 | ||
| 050 |
_aHD 2346.E9 _b.T78 2005 |
||
| 100 | _aHohmann, Hans-Hermann, edited by | ||
| 245 |
_aTrust and entrepreneurship : _ba west - east perspective / _cHohmann, Hans-Hermann, edited by |
||
| 260 |
_aCheltenham, UK : _bEdward Elgar, _c2005. |
||
| 300 |
_a296 p. : _c24 cm. |
||
| 521 | _aBSBA | ||
| 650 |
_aEntrepreneurship _xEurope, Western. |
||
| 650 |
_aEntrepreneurship _xEurope, Eastern. |
||
| 650 | _aOrganizational behavior. | ||
| 700 | _aWelter, Friederike | ||
| 942 |
_cBK _2lcc _kFOR |
||
| 999 |
_c22856 _d22856 |
||